| 000 | nam a22 7a 4500 | ||
|---|---|---|---|
| 999 |
_c57615 _d57615 |
||
| 005 | 20180425123811.0 | ||
| 008 | a050609t19771977sp 000 0 spa u | ||
| 020 | _a8420000108 | ||
| 050 | 0 | 4 |
_aSF995.6.S3 _bA86 1977 |
| 110 | 1 | _aAsociación Americana de Veterinarios Especialistas en Diagnóstico de Laboratorio | |
| 240 | 1 | 0 |
_aCulture methods for the detection of animal salmonellosis and arizonosis _leng |
| 245 | 1 | 0 |
_aMétodos de cultivo para la investigación de salmonelosis y arizonosis animales _c/ preparado por el Comité sobre salmonelosis y arizonosis (Asociación Americana de Veterinarios Especialistas en Diagnóstico de Laboratorio) ; editado Edwin M. Ellis ;tr. José M.Tarazona Vilas. |
| 250 | _a1a ed. | ||
| 260 |
_aZaragoza, España : _bAcribia, _c1977 |
||
| 300 |
_aviii, 98 p. ; _c25 cm. |
||
| 490 | 0 | _aUn manual de la Asociación Americana de Veterinarios Especialistas en Diagnóstico de Laboratorio | |
| 504 | _aBibliografía : p. 95-98 | ||
| 506 | _aRec. DGB. | ||
| 506 | _aMVZ | ||
| 650 | 7 |
_aSalmonelosis _2enfermedades |
|
| 650 | 7 |
_aArizonosis _2lemb _xbacterias |
|
| 700 |
_aEllis, Edwin M., _eeditor |
||
| 700 |
_aTarazona Vilas, José M., _etraductor |
||
| 942 |
_2lcc _cLIB |
||